[Event "Sao Paulo op da Amizade"]
[Site "Sao Paulo"]
[Date "2008.08.29"]
[Round "7.35"]
[White "Albuquerque, Marcelo Rodrigues"]
[Black "Bastos, Santos Edson"]
[Result "1-0"]
[WhiteElo "1920"]
[BlackElo "1803"]
[PlyCount "43"]
[EventDate "2008.08.23"]
[EventType "swiss"]
[EventRounds "9"]
[EventCountry "BRA"]
[SourceTitle "EXT 2022"]
[Source "ChessBase"]
[SourceDate "2021.10.06"]
[SourceVersion "1"]
[SourceVersionDate "2021.10.06"]
[SourceQuality "1"]

1. e4 c6 2. c4 d5 3. exd5 cxd5 4. cxd5 Qxd5 5. Nc3 Qd8 6. Nf3 Nf6 7. Bc4 e6 8. 0-0 Bd6 9. d4 0-0 10. Re1 Nc6 11. Bg5 a6 12. d5 Na5 13. Bd3 Be7 14. Qe2 Nxd5 15. Bxe7 Nxe7 16. Rad1 Nd5 17. Ne5 Nc6 18. Qh5 h6 19. Bb1 Qg5 20. Qxg5 hxg5 21. Nxd5 Nxe5 22. Ne7+ 1-0

[Event "Sao Paulo op da Amizade"]
[Site "Sao Paulo"]
[Date "2008.08.28"]
[Round "6.32"]
[White "Bastos, Santos Edson"]
[Black "Rodrigues, Bruno Morado"]
[Result "0-1"]
[WhiteElo "1803"]
[BlackElo "1965"]
[PlyCount "132"]
[EventDate "2008.08.23"]
[EventType "swiss"]
[EventRounds "9"]
[EventCountry "BRA"]
[SourceTitle "EXT 2022"]
[Source "ChessBase"]
[SourceDate "2021.10.06"]
[SourceVersion "1"]
[SourceVersionDate "2021.10.06"]
[SourceQuality "1"]

1. e4 c5 2. Nc3 Nc6 3. Bb5 Nd4 4. Bc4 a6 5. Nf3 b5 6. Bd5 Rb8 7. Nxd4 cxd4 8. Ne2 e6 9. Bb3 Bc5 10. 0-0 Ne7 11. d3 0-0 12. Ng3 Nc6 13. f4 Na5 14. Qg4 f6 15. Nh5 Rf7 16. f5 Nxb3 17. axb3 e5 18. Rf3 d5 19. Rg3 Bf8 20. Rh3 g5 21. Ng3 Rb6 22. Bd2 Rc6 23. Rc1 dxe4 24. Nxe4 b4 25. Rh5 Rg7 26. h4 gxh4 27. Qxh4 Be7 28. Bh6 Rf7 29. Qf2 Bb7 30. Nd2 Rc8 31. Rh4 Kh8 32. Rg4 Bf8 33. Qh4 Rcc7 34. Nc4 Bxh6 35. Qxh6 Rg7 36. Rg6 Qd5 37. Qh3 Kg8 38. Rxg7+ Rxg7 39. g4 Qf3 40. Qxf3 Bxf3 41. Ra1 Rxg4+ 42. Kh2 Rg2+ 43. Kh3 Rxc2 44. Rxa6 Bd5 45. Rxf6 Bxc4 46. bxc4 Rxb2 47. Rb6 Rb3 48. Kg2 Rxd3 49. Rxb4 Kf7 50. Rb7+ Kf6 51. Rxh7 Kxf5 52. Rh5+ Ke6 53. Rh6+ Kd7 54. c5 Rc3 55. Rd6+ Kc7 56. Rd5 Re3 57. Rd6 d3 58. Kf2 Re2+ 59. Kf1 e4 60. Re6 Kd7 61. Rd6+ Kc7 62. Re6 e3 63. Rd6 Rf2+ 64. Ke1 d2+ 65. Kd1 Rf1+ 66. Ke2 Re1+ 0-1